[Event "RUS Cup Qualifier 3"]
[Site "chessassistantclub.com INT"]
[Date "2004.10.21"]
[Round "?"]
[White "Vaulin, Alexander"]
[Black "Hasangatin, Ramil"]
[Result "1-0"]
[WhiteElo "2516"]
[BlackElo "2501"]
[PlyCount "85"]
[EventDate "2004.10.21"]
[EventType "swiss (blitz)"]
[EventRounds "13"]
[EventCountry "RUS"]
[SourceTitle "EXT 2006"]
[Source "ChessBase"]
[SourceDate "2005.11.24"]
[SourceVersion "1"]
[SourceVersionDate "2005.11.24"]
[SourceQuality "1"]

1. Nf3 c5 2. g3 Nc6 3. Bg2 e5 4. c4 d6 5. Nc3 Be6 6. d3 Be7 7. a3 Qd7 8. h3 Nf6 9. Ng5 Bf5 10. g4 Bg6 11. Rb1 h6 12. Nf3 0-0 13. b4 Rad8 14. 0-0 b6 15. Ne1 Rfe8 16. Nc2 Bf8 17. Ne3 e4 18. Ned5 exd3 19. Nxf6+ gxf6 20. exd3 Ne5 21. f4 Nc6 22. f5 Bh7 23. Nd5 Bg7 24. Bxh6 Ne7 25. Bf4 Nxd5 26. Bxd5 Re5 27. Bxe5 fxe5 28. Qf3 Bh6 29. b5 Bf4 30. Kg2 Qe7 31. Rbe1 Qg5 32. Re4 Bxf5 33. Rxf4 exf4 34. Qxf4 Qxf4 35. Rxf4 Bxd3 36. Bxf7+ Kg7 37. Bd5 Bg6 38. h4 Rh8 39. h5 Be8 40. Kg3 Rg8 41. Kh4 Rh8 42. Re4 Kf8 43. Re6 1-0

[Event "RUS Cup Qualifier 3"]
[Site "chessassistantclub.com INT"]
[Date "2004.10.21"]
[Round "?"]
[White "Vaulin, Alexander"]
[Black "Riazantsev, Alexander"]
[Result "0-1"]
[WhiteElo "2516"]
[BlackElo "2572"]
[PlyCount "130"]
[EventDate "2004.10.21"]
[EventType "swiss (blitz)"]
[EventRounds "13"]
[EventCountry "RUS"]
[SourceTitle "EXT 2006"]
[Source "ChessBase"]
[SourceDate "2005.11.24"]
[SourceVersion "1"]
[SourceVersionDate "2005.11.24"]
[SourceQuality "1"]

1. d4 Nf6 2. Nf3 e6 3. g3 b6 4. Bg2 Bb7 5. 0-0 c5 6. c4 cxd4 7. Qxd4 d6 8. Nc3 a6 9. Rd1 Nbd7 10. b3 Be7 11. Bb2 0-0 12. Ng5 Bxg2 13. Kxg2 Qc7 14. Nge4 Rfd8 15. f3 Nc5 16. Rac1 Ncxe4 17. Nxe4 Rac8 18. Qd3 Nxe4 19. Qxe4 Bf8 20. Rd3 Qb8 21. Qg4 b5 22. Rdc3 bxc4 23. Rxc4 Rxc4 24. Rxc4 d5 25. Rc1 Qb5 26. Kf1 Qa5 27. Qg5 h6 28. Qe3 Qxa2 29. Qc3 Rb8 30. Ra1 Qxb3 31. Qxb3 Rxb3 32. Bd4 Ra3 33. Rb1 f6 34. Rb8 Ra5 35. Ra8 Kf7 36. Bb6 Ra1+ 37. Kf2 e5 38. f4 exf4 39. gxf4 f5 40. Ra7+ Kg6 41. Bd4 Ra4 42. e3 Ra2+ 43. Kf3 a5 44. h4 h5 45. Rd7 a4 46. Rxd5 a3 47. Ra5 Rc2 48. Ra6+ Kh7 49. Ra7 a2 50. Be5 Kg6 51. Ra6+ Kf7 52. Ra7+ Ke6 53. Ra6+ Kd5 54. Ra5+ Kc4 55. Ra8 Bb4 56. Bxg7 Bc3 57. Bxc3 Kxc3 58. Rc8+ Kd2 59. Rd8+ Kc1 60. Ra8 Kb1 61. e4 Rc3+ 62. Ke2 fxe4 63. f5 a1Q 64. Rxa1+ Kxa1 65. f6 Rf3 0-1

[Event "RUS Cup Qualifier 2"]
[Site "chessassistantclub.com INT"]
[Date "2004.09.30"]
[Round "?"]
[White "Solodovnichenko, Yuri"]
[Black "Vaulin, Alexander"]
[Result "1-0"]
[WhiteElo "2480"]
[BlackElo "2516"]
[PlyCount "95"]
[EventDate "2004.09.30"]
[EventType "swiss (blitz)"]
[EventRounds "13"]
[EventCountry "RUS"]
[SourceTitle "EXT 2006"]
[Source "ChessBase"]
[SourceDate "2005.11.24"]
[SourceVersion "1"]
[SourceVersionDate "2005.11.24"]
[SourceQuality "1"]

1. e4 c5 2. Nf3 e6 3. d4 cxd4 4. Nxd4 a6 5. c4 Nf6 6. Nc3 Bb4 7. Bd3 Nc6 8. Nxc6 dxc6 9. e5 Ng4 10. Qxg4 Qxd3 11. Bd2 Qg6 12. Qxg6 hxg6 13. Ne4 Bxd2+ 14. Kxd2 Ke7 15. Kc3 b6 16. b4 a5 17. a3 f6 18. h3 Rh5 19. f4 fxe5 20. g4 axb4+ 21. Kxb4 c5+ 22. Kb5 Rh8 23. Kxb6 exf4 24. Kxc5 Bb7 25. Rhe1 Rxh3 26. Ng5 Ra5+ 27. Kb6 Rxg5 28. Kxb7 Rc3 29. Re4 Rxg4 30. Rae1 Kf7 31. a4 g5 32. a5 Rg2 33. Rxe6 Rxc4 34. Re7+ Kg6 35. R1e6+ Kf5 36. Re5+ Kg4 37. Rxg7 Rb2+ 38. Ka7 Kf3 39. Rgxg5 Kf2 40. Rb5 f3 41. Rxb2+ Ke3 42. Re5+ Kf4 43. Re8 Ra4 44. a6 Kg3 45. Rg8+ Kf4 46. Rf8+ Ke3 47. Rb3+ Ke2 48. Rbxf3 1-0

[Event "RUS Cup Qualifier 2"]
[Site "chessassistantclub.com INT"]
[Date "2004.09.30"]
[Round "?"]
[White "Vaulin, Alexander"]
[Black "Zontakh, Andrey"]
[Result "0-1"]
[WhiteElo "2516"]
[BlackElo "2531"]
[PlyCount "110"]
[EventDate "2004.09.30"]
[EventType "swiss (blitz)"]
[EventRounds "13"]
[EventCountry "RUS"]
[SourceTitle "EXT 2006"]
[Source "ChessBase"]
[SourceDate "2005.11.24"]
[SourceVersion "1"]
[SourceVersionDate "2005.11.24"]
[SourceQuality "1"]

1. Nf3 Nf6 2. g3 d5 3. Bg2 c6 4. d4 Bg4 5. c4 e6 6. Nc3 Nbd7 7. 0-0 Be7 8. Qb3 Qb6 9. c5 Qxb3 10. axb3 0-0 11. b4 a6 12. h3 Bf5 13. g4 Be4 14. Bf4 Rfe8 15. e3 h6 16. Nd2 Bxg2 17. Kxg2 Bf8 18. Nb3 e5 19. Bg3 exd4 20. exd4 Ne4 21. Nxe4 Rxe4 22. Rfd1 Re2 23. Rd2 Rxd2 24. Nxd2 Nf6 25. f3 Re8 26. Kf1 Be7 27. Nb3 Bd8 28. Na5 Bxa5 29. bxa5 Re3 30. Ra3 Rxa3 31. bxa3 Nd7 32. Ke2 g5 33. h4 gxh4 34. Bxh4 Kg7 35. Ke3 Kg6 36. Kf4 f6 37. Kg3 Nf8 38. Kf4 Ne6+ 39. Ke3 f5 40. Be7 h5 41. gxh5+ Kxh5 42. Bf6 Kg6 43. Be7 f4+ 44. Kd3 Ng5 45. Ke2 Ne6 46. Kd3 Kh5 47. Ke2 Ng7 48. Bd6 Nf5 49. Bxf4 Nxd4+ 50. Ke3 Ne6 51. Bd6 Kg6 52. Kd3 Kf5 53. Ke3 Ng5 54. Ke2 Nf7 55. Bc7 Ne5 0-1

[Event "Chigorin Memorial-A 10th"]
[Site "St Petersburg"]
[Date "2002.11.01"]
[Round "7"]
[White "Bocharov, Dmitry"]
[Black "Vaulin, Alexander"]
[Result "1/2-1/2"]
[WhiteElo "2502"]
[BlackElo "2549"]
[PlyCount "162"]
[EventDate "2002.10.25"]
[EventType "swiss"]
[EventRounds "9"]
[EventCountry "RUS"]
[SourceTitle "EXT 2003"]
[Source "ChessBase"]
[SourceDate "2002.11.25"]
[SourceVersion "1"]
[SourceVersionDate "2002.11.25"]
[SourceQuality "1"]

1. d4 d5 2. Nf3 e6 3. c4 dxc4 4. Nc3 a6 5. a4 Nc6 6. e3 Na5 7. Nd2 c5 8. Nxc4 Nf6 9. Be2 Nxc4 10. Bxc4 Bd6 11. dxc5 Bxc5 12. Qe2 0-0 13. 0-0 Qc7 14. e4 Bd4 15. Bd3 Bd7 16. Be3 Bxe3 17. Qxe3 Bc6 18. e5 Nd5 19. Nxd5 Bxd5 20. a5 f5 21. exf6 Rxf6 22. Be4 Rd8 23. Bxd5 Rxd5 24. Rfc1 Qd7 25. b4 h6 26. h3 Rg6 27. Rc5 Rd4 28. Qc3 Kh7 29. Re1 Rd3 30. Qc2 e5 31. Rcxe5 Qxh3 32. g3 Rdxg3+ 33. fxg3 Qxg3+ 34. Kf1 Qf3+ 35. Qf2 Qh3+ 36. Ke2 Rg2 37. Re4 Rxf2+ 38. Kxf2 h5 39. R1e3 Qf5+ 40. Kg3 Kh6 41. Re5 Qg4+ 42. Kh2 Qxb4 43. R3e4 Qd6 44. Kg2 g6 45. Kf3 b6 46. axb6 Qxb6 47. Kg2 a5 48. Re6 Qb3 49. Re3 Qd5+ 50. Kf2 Qf5+ 51. Kg2 a4 52. Ra6 Qg4+ 53. Kf2 Qf4+ 54. Rf3 Qd2+ 55. Kf1 Qc1+ 56. Kg2 Qb2+ 57. Kg1 Qb7 58. Rff6 Qb1+ 59. Kg2 a3 60. Rf3 Qc2+ 61. Kg1 Qd1+ 62. Kf2 Qd4+ 63. Kg2 Qd2+ 64. Kf1 Qc1+ 65. Kg2 Qc2+ 66. Kg1 Qd1+ 67. Kf2 Qd2+ 68. Kf1 a2 69. Rfa3 Qf4+ 70. Kg1 h4 71. Rxa2 Qe3+ 72. Kh1 Kh5 73. R2a3 Qe1+ 74. Kg2 g5 75. R6a5 Qe2+ 76. Kg1 Qd1+ 77. Kg2 Qd2+ 78. Kg1 Qe2 79. Kh1 Qf2 80. Rxg5+ Kxg5 81. Rg3+ hxg3 1/2-1/2

[Event "Chigorin Memorial-A 10th"]
[Site "St Petersburg"]
[Date "2002.10.31"]
[Round "6"]
[White "Vaulin, Alexander"]
[Black "Hasangatin, Ramil"]
[Result "1/2-1/2"]
[WhiteElo "2549"]
[BlackElo "2524"]
[PlyCount "52"]
[EventDate "2002.10.25"]
[EventType "swiss"]
[EventRounds "9"]
[EventCountry "RUS"]
[SourceTitle "EXT 2003"]
[Source "ChessBase"]
[SourceDate "2002.11.25"]
[SourceVersion "1"]
[SourceVersionDate "2002.11.25"]
[SourceQuality "1"]

1. c4 Nf6 2. Nc3 e5 3. Nf3 Nc6 4. g3 Bb4 5. Nd5 Bc5 6. Bg2 d6 7. 0-0 0-0 8. d3 Nxd5 9. cxd5 Nd4 10. e3 Nxf3+ 11. Qxf3 Bd7 12. Qd1 Qe7 13. Bd2 a5 14. Bc3 Bb6 15. Qd2 a4 16. Rfe1 Rfe8 17. Rac1 f6 18. a3 Kh8 19. Kh1 c6 20. d4 e4 21. dxc6 bxc6 22. Bb4 c5 23. dxc5 dxc5 24. Bc3 Bb5 25. Qd5 Bd3 26. f3 Rad8 1/2-1/2

[Event "Chigorin Memorial-A 10th"]
[Site "St Petersburg"]
[Date "2002.10.26"]
[Round "2"]
[White "Ulko, Jaroslav"]
[Black "Vaulin, Alexander"]
[Result "1/2-1/2"]
[WhiteElo "2472"]
[BlackElo "2549"]
[PlyCount "49"]
[EventDate "2002.10.25"]
[EventType "swiss"]
[EventRounds "9"]
[EventCountry "RUS"]
[SourceTitle "EXT 2003"]
[Source "ChessBase"]
[SourceDate "2002.11.25"]
[SourceVersion "1"]
[SourceVersionDate "2002.11.25"]
[SourceQuality "1"]

1. d4 d5 2. c4 dxc4 3. Nf3 a6 4. e3 e6 5. Bxc4 c5 6. 0-0 Nf6 7. Bb3 Nc6 8. Qe2 Be7 9. dxc5 Qc7 10. e4 Nd7 11. Nc3 Bxc5 12. Be3 0-0 13. Rac1 b6 14. Na4 Bxe3 15. Qxe3 Bb7 16. Nd4 b5 17. Nxc6 Bxc6 18. Nc5 Rfc8 19. Rfd1 Nxc5 20. Rxc5 Qb7 21. Qd4 h6 22. f3 Be8 23. Rdc1 Qb6 24. Qf2 Rd8 25. R5c2 1/2-1/2

[Event "Chigorin Memorial-A 10th"]
[Site "St Petersburg"]
[Date "2002.10.25"]
[Round "1"]
[White "Vaulin, Alexander"]
[Black "Sambuev, Bator"]
[Result "1-0"]
[WhiteElo "2549"]
[BlackElo "2441"]
[PlyCount "63"]
[EventDate "2002.10.25"]
[EventType "swiss"]
[EventRounds "9"]
[EventCountry "RUS"]
[SourceTitle "EXT 2003"]
[Source "ChessBase"]
[SourceDate "2002.11.25"]
[SourceVersion "1"]
[SourceVersionDate "2002.11.25"]
[SourceQuality "1"]

1. d4 d5 2. Nf3 c6 3. Bf4 Bf5 4. e3 Qb6 5. Qc1 Nf6 6. c4 Bxb1 7. Rxb1 e5 8. Nxe5 g5 9. Bg3 Bb4+ 10. Kd1 Ne4 11. cxd5 0-0 12. Bd3 cxd5 13. Bxe4 dxe4 14. Qc4 Bd6 15. Ke2 Bxe5 16. dxe5 Qg6 17. Rhd1 h5 18. Rd6 Qf5 19. h3 h4 20. Rf6 Qh7 21. Bh2 Nd7 22. Rd6 Rac8 23. Qa4 Nc5 24. Qd1 Nd3 25. Kf1 f6 26. Qg4 Rc2 27. exf6 Kh8 28. Kg1 Nxf2 29. Qe6 Qg6 30. Be5 Nd3 31. f7+ Nxe5 32. Qxe5+ 1-0

[Event "RUS-Cup04"]
[Site "Samara"]
[Date "2002.08.03"]
[Round "9"]
[White "Nevostrujev, Vladimir"]
[Black "Vaulin, Alexander"]
[Result "1/2-1/2"]
[WhiteElo "2502"]
[BlackElo "2544"]
[PlyCount "105"]
[EventDate "2002.07.26"]
[EventType "swiss"]
[EventRounds "9"]
[EventCountry "RUS"]
[SourceTitle "CBM 089 Extra"]
[Source "ChessBase"]
[SourceDate "2002.09.10"]
[SourceVersion "2"]
[SourceVersionDate "2002.09.10"]
[SourceQuality "1"]

1. e4 c5 2. Nf3 d6 3. d4 cxd4 4. Nxd4 Nf6 5. Nc3 a6 6. Be2 e5 7. Nb3 Be7 8. 0-0 Be6 9. f4 Qc7 10. Nd5 Bxd5 11. exd5 Nbd7 12. c4 0-0 13. Kh1 Rfe8 14. Be3 Bf8 15. Bg1 exf4 16. Rxf4 Ne5 17. Rxf6 gxf6 18. Nd4 Ng6 19. Bd3 Re5 20. Qd2 Qd7 21. Rf1 Qg4 22. h3 Qh5 23. Rxf6 Bh6 24. Qb4 Qd1 25. Qxb7 Rf8 26. Qb3 Re1 27. Nf3 Bg7 28. Nxe1 Qxb3 29. axb3 Bxf6 30. b4 Nf4 31. Bf1 Bxb2 32. Bh2 Be5 33. Nf3 f6 34. c5 dxc5 35. bxc5 Nxd5 36. Bc4 Rd8 37. Nxe5 fxe5 38. c6 Kf8 39. Bxe5 Ne7 40. c7 Rd1+ 41. Kh2 Ke8 42. Bxa6 Kd7 43. Be2 Rd6 44. Bxd6 Kxd6 45. Kg3 Kxc7 46. Kf4 Kd6 47. Kg5 Ke5 48. Bd3 Nd5 49. g3 Nf6 50. Bc2 h5 51. Bg6 Ke6 52. Kh4 Ke7 53. Kg5 1/2-1/2

[Event "RUS-Cup04"]
[Site "Samara"]
[Date "2002.07.30"]
[Round "5"]
[White "Vaulin, Alexander"]
[Black "Chuprov, Dmitry"]
[Result "0-1"]
[WhiteElo "2544"]
[BlackElo "2468"]
[PlyCount "104"]
[EventDate "2002.07.26"]
[EventType "swiss"]
[EventRounds "9"]
[EventCountry "RUS"]
[SourceTitle "CBM 089 Extra"]
[Source "ChessBase"]
[SourceDate "2002.09.10"]
[SourceVersion "2"]
[SourceVersionDate "2002.09.10"]
[SourceQuality "1"]

1. c4 e5 2. g3 Nc6 3. Bg2 f5 4. Nc3 Nf6 5. e3 g6 6. Nge2 Bg7 7. d4 d6 8. dxe5 dxe5 9. Bxc6+ bxc6 10. Qxd8+ Kxd8 11. b3 Ke7 12. Ba3+ Kf7 13. Rd1 Be6 14. 0-0 h5 15. h4 Ng4 16. Bc5 a5 17. Kg2 Bh6 18. e4 Nf6 19. exf5 Bxf5 20. f4 exf4 21. Nxf4 Rhe8 22. Nce2 a4 23. b4 Bg4 24. Rde1 Rad8 25. Nd4 Rxe1 26. Rxe1 Bf8 27. Nfe6 Bxe6 28. Nxe6 Rd2+ 29. Kf3 Bxc5 30. Ng5+ Kf8 31. bxc5 Rxa2 32. Re6 Ng4 33. Re1 Rf2+ 34. Ke4 a3 35. Ne6+ Kf7 36. Nd4 a2 37. Ra1 Rb2 38. Nxc6 Nf2+ 39. Kd4 Ke6 40. Na7 Kd7 41. c6+ Kd6 42. c5+ Ke6 43. Nc8 Rb4+ 44. Kc3 Ra4 45. Kc2 Ne4 46. Kb3 Ra8 47. Nb6 cxb6 48. cxb6 Rb8 49. b7 Kd6 50. Rxa2 Kxc6 51. Ra6+ Kd5 52. Rxg6 Rxb7+ 0-1

[Event "RUS-Cup04"]
[Site "Samara"]
[Date "2002.07.29"]
[Round "4"]
[White "Arzumanian, Georgy"]
[Black "Vaulin, Alexander"]
[Result "0-1"]
[WhiteElo "2461"]
[BlackElo "2544"]
[PlyCount "98"]
[EventDate "2002.07.26"]
[EventType "swiss"]
[EventRounds "9"]
[EventCountry "RUS"]
[SourceTitle "CBM 089 Extra"]
[Source "ChessBase"]
[SourceDate "2002.09.10"]
[SourceVersion "2"]
[SourceVersionDate "2002.09.10"]
[SourceQuality "1"]

1. e4 c5 2. Nf3 d6 3. d4 cxd4 4. Nxd4 Nf6 5. Nc3 a6 6. Be2 e5 7. Nb3 Be7 8. 0-0 Be6 9. Be3 Nbd7 10. a4 Rc8 11. Bf3 0-0 12. a5 Qc7 13. Qd2 Rfe8 14. Nc1 d5 15. exd5 Bf5 16. N1e2 Bg6 17. Ng3 Bb4 18. d6 Bxd6 19. Nce4 Nxe4 20. Nxe4 Bxe4 21. Bxe4 Bc5 22. Qd5 Bxe3 23. fxe3 Nf6 24. Qxb7 Qc5 25. Bf5 Qxe3+ 26. Kh1 Rb8 27. Qxa6 Rxb2 28. Qc6 Qa7 29. a6 Rb6 30. Qc4 e4 31. Bc8 e3 32. Rfe1 Rd6 33. Bb7 Rd4 34. Qb5 h5 35. c4 Re6 36. c5 Ne4 37. Kg1 Rd2 38. h3 Nf2 39. Rab1 Qb8 40. a7 Nxh3+ 41. Kh1 Nf2+ 42. Kg1 Qxa7 43. Ra1 Ra2 44. Rxa2 Qxa2 45. c6 Nd3 46. Qxd3 Qf2+ 47. Kh2 Qh4+ 48. Kg1 Qxe1+ 49. Kh2 Qh4+ 0-1

[Event "RUS-Cup04"]
[Site "Samara"]
[Date "2002.07.27"]
[Round "2"]
[White "Egorov, Evgeni"]
[Black "Vaulin, Alexander"]
[Result "0-1"]
[WhiteElo "2444"]
[BlackElo "2544"]
[PlyCount "54"]
[EventDate "2002.07.26"]
[EventType "swiss"]
[EventRounds "9"]
[EventCountry "RUS"]
[SourceTitle "CBM 089 Extra"]
[Source "ChessBase"]
[SourceDate "2002.09.10"]
[SourceVersion "2"]
[SourceVersionDate "2002.09.10"]
[SourceQuality "1"]

1. e4 c5 2. Nf3 d6 3. Nc3 a6 4. g3 b5 5. Bg2 Bb7 6. d3 g6 7. 0-0 Bg7 8. Ng5 h6 9. Nh3 e6 10. f4 Ne7 11. Be3 Nbc6 12. Qd2 Qa5 13. a3 f5 14. Rae1 Qc7 15. b4 cxb4 16. axb4 Nd4 17. e5 dxe5 18. fxe5 Bxe5 19. Bf4 Bxf4 20. Nxf4 Bxg2 21. Nxe6 Nxe6 22. Rxe6 Bb7 23. Rfe1 Rh7 24. Qe3 0-0-0 25. Qc5 Qxc5+ 26. bxc5 Nc6 27. Ne2 g5 0-1

[Event "Chigorin Memorial 09th"]
[Site "St Petersburg"]
[Date "2001.10.30"]
[Round "5"]
[White "Ayupov, Damir"]
[Black "Vaulin, Alexander"]
[Result "0-1"]
[WhiteElo "2374"]
[BlackElo "2548"]
[PlyCount "92"]
[EventDate "2001.10.26"]
[EventType "swiss"]
[EventRounds "9"]
[EventCountry "RUS"]
[SourceTitle "EXT 2002"]
[Source "ChessBase"]
[SourceDate "2001.11.25"]
[SourceVersion "1"]
[SourceVersionDate "2001.11.25"]
[SourceQuality "1"]

1. d4 f5 2. Bg5 h6 3. Bh4 g5 4. Bg3 Nf6 5. e3 Bg7 6. Nc3 d6 7. h4 g4 8. h5 c6 9. Bd3 Qa5 10. Nge2 0-0 11. Nf4 e5 12. dxe5 dxe5 13. Bc4+ Kh7 14. Ng6 Rd8 15. Qe2 b5 16. Bf7 b4 17. Nb1 Ba6 18. Bc4 Nxh5 19. Ne7 Nxg3 20. fxg3 Qc5 21. Bxa6 Qxe7 22. Nd2 Nxa6 23. Qxa6 Qc5 24. Nc4 e4 25. 0-0 Qb5 26. Qxb5 cxb5 27. Na5 Rac8 28. Rxf5 Rxc2 29. Nb3 Rxb2 30. Rc1 Bc3 31. Rf7+ Kg6 32. Rxa7 Rd3 33. Rf1 Rxe3 34. Ra6+ Kg5 35. Nc5 Re1 36. Ne6+ Kh5 37. Nf4+ Kg5 38. Ne6+ Kg6 39. Nf8+ Kh5 40. Rxe1 Bxe1 41. Rf6 Bd2 42. Rf5+ Bg5 43. Rxb5 e3 44. Ne6 Kg6 45. Nxg5 Rb1+ 46. Kh2 e2 0-1

[Event "RUS Cup final 5th"]
[Site "Kazan"]
[Date "2001.10.08"]
[Round "7"]
[White "Vaulin, Alexander"]
[Black "Vorobiov, Evgeny E"]
[Result "1/2-1/2"]
[WhiteElo "2545"]
[BlackElo "2503"]
[PlyCount "98"]
[EventDate "2001.10.02"]
[EventType "tourn"]
[EventRounds "11"]
[EventCountry "RUS"]
[EventCategory "12"]
[SourceTitle "CBM 086"]
[Source "ChessBase"]
[SourceDate "2002.02.05"]
[SourceVersion "1"]
[SourceVersionDate "2002.02.05"]
[SourceQuality "1"]

1. c4 c5 2. Nf3 g6 3. d4 cxd4 4. Nxd4 Nc6 5. Nc2 Bg7 6. e4 Nf6 7. Nc3 0-0 8. Be2 d6 9. 0-0 Bd7 10. Ne3 Rc8 11. Rb1 a6 12. Kh1 Qa5 13. Bd2 Qd8 14. Be1 Ne8 15. a4 Nd4 16. Bd3 Nc7 17. a5 f5 18. exf5 gxf5 19. f4 e5 20. Ned5 Nxd5 21. Nxd5 Bc6 22. Bc3 Bxd5 23. cxd5 e4 24. Bxe4 Rxc3 25. bxc3 Nb5 26. Bd3 Nxc3 27. Qh5 Nxb1 28. Bxf5 Rxf5 29. Qxf5 Nc3 30. Qe6+ Kh8 31. f5 Qf6 32. Qc8+ Qf8 33. Qxb7 Ne4 34. Qxa6 Bd4 35. g3 Nf2+ 36. Rxf2 Bxf2 37. Qd3 Qf6 38. Kg2 Bc5 39. h4 Qe5 40. a6 Kg7 41. g4 Qe1 42. f6+ Kxf6 43. Qf5+ Kg7 44. Qd7+ Kf8 45. Qd8+ Kf7 46. Qd7+ Qe7 47. Qxe7+ Kxe7 48. g5 h6 49. gxh6 Kf7 1/2-1/2

[Event "RUS Cup final 5th"]
[Site "Kazan"]
[Date "2001.10.06"]
[Round "5"]
[White "Vaulin, Alexander"]
[Black "Loginov, Valery A"]
[Result "1/2-1/2"]
[WhiteElo "2545"]
[BlackElo "2507"]
[PlyCount "41"]
[EventDate "2001.10.02"]
[EventType "tourn"]
[EventRounds "11"]
[EventCountry "RUS"]
[EventCategory "12"]
[SourceTitle "CBM 086"]
[Source "ChessBase"]
[SourceDate "2002.02.05"]
[SourceVersion "1"]
[SourceVersionDate "2002.02.05"]
[SourceQuality "1"]

1. d4 Nf6 2. c4 g6 3. g3 Bg7 4. Bg2 0-0 5. Nc3 d6 6. Nf3 c6 7. 0-0 Bf5 8. Ne1 Be6 9. d5 cxd5 10. cxd5 Bd7 11. h3 Na6 12. Nd3 Qa5 13. Bd2 Rfc8 14. a3 Nc7 15. a4 Na6 16. e4 Ne8 17. Re1 Qd8 18. Rc1 Nc5 19. Nxc5 Rxc5 20. Be3 Bxc3 21. bxc3 1/2-1/2

[Event "RUS Cup final 5th"]
[Site "Kazan"]
[Date "2001.10.04"]
[Round "3"]
[White "Vaulin, Alexander"]
[Black "Timofeev, Artyom"]
[Result "1-0"]
[WhiteElo "2545"]
[BlackElo "2521"]
[PlyCount "109"]
[EventDate "2001.10.02"]
[EventType "tourn"]
[EventRounds "11"]
[EventCountry "RUS"]
[EventCategory "12"]
[SourceTitle "CBM 086"]
[Source "ChessBase"]
[SourceDate "2002.02.05"]
[SourceVersion "1"]
[SourceVersionDate "2002.02.05"]
[SourceQuality "1"]

1. c4 Nf6 2. Nc3 c5 3. Nf3 g6 4. e4 Nc6 5. d4 cxd4 6. Nxd4 Nxd4 7. Qxd4 d6 8. Bg5 Bg7 9. Be2 0-0 10. Qd2 Bd7 11. 0-0 Bc6 12. Bd3 a5 13. b3 Nd7 14. Rae1 Nc5 15. Nd5 Re8 16. Kh1 Rb8 17. Bb1 b5 18. cxb5 Bxb5 19. Rg1 Ne6 20. Be3 a4 21. b4 Bc4 22. Rc1 Bxd5 23. exd5 Nc7 24. Rc6 Nb5 25. Bd3 Qd7 26. Rgc1 Bd4 27. Bxd4 Nxd4 28. Rc7 Qd8 29. Bxg6 hxg6 30. Qxd4 e6 31. h3 exd5 32. Qxd5 Qf6 33. Qd2 a3 34. R7c4 Kg7 35. Rb1 Rb5 36. Rd4 Re6 37. Rf4 Qe5 38. Rd4 Rb8 39. Rb3 Ra8 40. Re3 Qg5 41. Rxe6 Qxd2 42. Rxd2 fxe6 43. Rxd6 Kf6 44. b5 Rb8 45. Ra6 Rxb5 46. Rxa3 Rb2 47. Kh2 Rc2 48. Kg3 Rb2 49. Ra8 Kf7 50. a4 Ra2 51. a5 Kg7 52. a6 Ra4 53. a7 Kh7 54. Kf3 Kg7 55. Ke3 1-0

[Event "RUS Cup final 5th"]
[Site "Kazan"]
[Date "2001.10.03"]
[Round "2"]
[White "Popov, Valerij"]
[Black "Vaulin, Alexander"]
[Result "1-0"]
[WhiteElo "2559"]
[BlackElo "2545"]
[PlyCount "49"]
[EventDate "2001.10.02"]
[EventType "tourn"]
[EventRounds "11"]
[EventCountry "RUS"]
[EventCategory "12"]
[SourceTitle "CBM 086"]
[Source "ChessBase"]
[SourceDate "2002.02.05"]
[SourceVersion "1"]
[SourceVersionDate "2002.02.05"]
[SourceQuality "1"]

1. e4 c5 2. Nf3 d6 3. d4 cxd4 4. Nxd4 Nf6 5. Nc3 a6 6. Be2 e5 7. Nb3 Be7 8. Be3 Be6 9. Nd5 Nbd7 10. Qd3 Bxd5 11. exd5 Rc8 12. c4 0-0 13. 0-0 a5 14. Rfd1 Ne8 15. Bg4 a4 16. Nd2 g6 17. Bxd7 Qxd7 18. c5 dxc5 19. Nc4 e4 20. Qc2 Bd8 21. Qxe4 Nf6 22. Qf3 b5 23. Ne5 Qb7 24. Nc6 Nxd5 25. Ne5 1-0

[Event "RUS-Cup06"]
[Site "Tomsk"]
[Date "2001.07.05"]
[Round "6"]
[White "Vaulin, Alexander"]
[Black "Bocharov, Dmitry"]
[Result "1/2-1/2"]
[WhiteElo "2540"]
[BlackElo "2389"]
[PlyCount "69"]
[EventDate "2001.06.30"]
[EventType "swiss"]
[EventRounds "9"]
[EventCountry "RUS"]
[SourceTitle "CBM 083 Extra"]
[Source "ChessBase"]
[SourceDate "2001.09.11"]
[SourceVersion "1"]
[SourceVersionDate "2001.09.11"]
[SourceQuality "1"]

1. c4 c5 2. Nf3 Nc6 3. d4 cxd4 4. Nxd4 e6 5. Nc3 Nf6 6. Ndb5 d5 7. cxd5 Nxd5 8. Nxd5 exd5 9. e3 a6 10. Nd4 Qf6 11. Bd2 Nxd4 12. Bc3 Bc5 13. Bxd4 Bxd4 14. Qxd4 Qxd4 15. exd4 Ke7 16. Bd3 Kd6 17. Kd2 Bd7 18. h4 h6 19. Rac1 Rac8 20. Rc3 a5 21. Rb3 Rb8 22. h5 Rhc8 23. Re1 Rc7 24. Re3 Bc6 25. Rg3 f6 26. Rc3 Re8 27. Bg6 Ree7 28. Rge3 Bb5 29. Rxc7 Rxc7 30. Ra3 a4 31. Rc3 Bc4 32. a3 b5 33. Bf5 Kc6 34. Re3 b4 35. Re8 1/2-1/2

[Event "RUS-Cup06"]
[Site "Tomsk"]
[Date "2001.06.30"]
[Round "1"]
[White "Ubiennykh, Ekaterina"]
[Black "Vaulin, Alexander"]
[Result "0-1"]
[WhiteElo "2244"]
[BlackElo "2540"]
[PlyCount "74"]
[EventDate "2001.06.30"]
[EventType "swiss"]
[EventRounds "9"]
[EventCountry "RUS"]
[SourceTitle "CBM 083 Extra"]
[Source "ChessBase"]
[SourceDate "2001.09.11"]
[SourceVersion "1"]
[SourceVersionDate "2001.09.11"]
[SourceQuality "1"]

1. e4 c5 2. Nf3 d6 3. d4 cxd4 4. Nxd4 Nf6 5. Nc3 a6 6. Bc4 e6 7. Bb3 b5 8. 0-0 Bb7 9. Re1 Nbd7 10. Bxe6 fxe6 11. Nxe6 Qc8 12. Nxf8 Rxf8 13. Qxd6 Qc5 14. Bf4 0-0-0 15. Rad1 Qxd6 16. Bxd6 Rfe8 17. e5 Ng4 18. f4 Nb6 19. b3 Nh6 20. a4 bxa4 21. Nxa4 Nxa4 22. bxa4 Nf5 23. Bc5 Nh4 24. Bb6 Nxg2 25. Bxd8 Nxe1 26. Bb6 Nxc2 27. f5 Nb4 28. f6 gxf6 29. exf6 Rg8+ 30. Kf2 Nd5 31. Bd4 Rf8 32. Ke2 Nxf6 33. Rc1+ Kd7 34. Be5 Nd5 35. Rg1 Re8 36. Rg5 h6 37. Rh5 Nf4+ 0-1

[Event "St Petersburg White Nights op"]
[Site "St Petersburg"]
[Date "2001.06.10"]
[Round "2"]
[White "Korbut, Ekaterina"]
[Black "Vaulin, Alexander"]
[Result "0-1"]
[WhiteElo "2330"]
[BlackElo "2540"]
[PlyCount "76"]
[EventDate "2001.06.09"]
[EventType "swiss"]
[EventRounds "9"]
[EventCountry "RUS"]
[SourceTitle "CBM 082 Extra"]
[Source "ChessBase"]
[SourceDate "2001.07.03"]
[SourceVersion "1"]
[SourceVersionDate "2001.07.03"]
[SourceQuality "1"]

1. e4 c5 2. Nf3 d6 3. d4 cxd4 4. Nxd4 Nf6 5. Nc3 a6 6. f4 e5 7. Nf3 Nbd7 8. a4 Be7 9. Bd3 0-0 10. 0-0 exf4 11. Kh1 Nh5 12. Nd4 g6 13. Be2 Ndf6 14. Nf5 Be6 15. Nxe7+ Qxe7 16. b3 Rfd8 17. Bb2 Qc7 18. Nd5 Bxd5 19. exd5 Qe7 20. Bf3 Re8 21. c4 Qf8 22. Qd4 Re5 23. Qf2 Re3 24. Bd4 Rxb3 25. Rfb1 Rxb1+ 26. Rxb1 Rc8 27. Rxb7 Rxc4 28. Qb2 Qe8 29. Rb8 Rc1+ 30. Qxc1 Qxb8 31. Kg1 Qe8 32. Qa1 Nd7 33. Bxh5 gxh5 34. Qd1 Qe4 35. Ba1 Ne5 36. h3 f3 37. g3 Qe3+ 38. Kf1 Nd3 0-1